<?xml version="1.0" encoding="UTF-8"?>
<record
    xmlns:xsi="http://www.w3.org/2001/XMLSchema-instance"
    xsi:schemaLocation="http://www.loc.gov/MARC21/slim http://www.loc.gov/standards/marcxml/schema/MARC21slim.xsd"
    xmlns="http://www.loc.gov/MARC21/slim">

  <leader>00897nam a2200205 a 4500</leader>
  <controlfield tag="001">BRCA_8850</controlfield>
  <controlfield tag="005">20190320210432.0</controlfield>
  <controlfield tag="008">120517s1788----sp-#######---#000-0#lat-#</controlfield>
  <datafield tag="041" ind1=" " ind2=" ">
    <subfield code="a">lat</subfield>
  </datafield>
  <datafield tag="044" ind1=" " ind2=" ">
    <subfield code="a">sp</subfield>
  </datafield>
  <datafield tag="084" ind1=" " ind2=" ">
    <subfield code="a">BE231</subfield>
    <subfield code="b">.C53 1788</subfield>
  </datafield>
  <datafield tag="100" ind1="1" ind2=" ">
    <subfield code="a">Cicer&#xF3;n, Marco Tulio</subfield>
    <subfield code="d">106 - 43 a.c.</subfield>
    <subfield code="9">22043</subfield>
  </datafield>
  <datafield tag="245" ind1="1" ind2="0">
    <subfield code="a">Silva selectorum operum M. Ciceronis</subfield>
    <subfield code="b">continens orationes duodecim selectas: quibus accesserunt Tractatus de Senecture, de Amicitia &amp; ejusdem Paradoxa: varia opuscula po&#xE9;tica, in gratiam candidatorum Poeseos, et compenaium rhetoricae P. Cipriani Soaril</subfield>
    <subfield code="c">nunc &#xE0; plurimis menais expurgata&#xE0; D. Enrico de la Cgruz Herrera...</subfield>
  </datafield>
  <datafield tag="260" ind1=" " ind2=" ">
    <subfield code="a">Matriti</subfield>
    <subfield code="b">Typis petri marin</subfield>
    <subfield code="c">1788</subfield>
  </datafield>
  <datafield tag="300" ind1=" " ind2=" ">
    <subfield code="a">373 p.</subfield>
    <subfield code="c">15.5 x 10.5 cm.</subfield>
  </datafield>
  <datafield tag="500" ind1=" " ind2=" ">
    <subfield code="a">Estado f&#xED;sico: presenta encuadernaci&#xF3;n en pergamino deteriorado</subfield>
  </datafield>
  <datafield tag="650" ind1="1" ind2="4">
    <subfield code="a">Literatura latina</subfield>
    <subfield code="v">Antolog&#xED;as</subfield>
    <subfield code="9">22044</subfield>
  </datafield>
  <datafield tag="902" ind1=" " ind2=" ">
    <subfield code="a">CFM</subfield>
  </datafield>
  <datafield tag="942" ind1=" " ind2=" ">
    <subfield code="2">lcc</subfield>
    <subfield code="c">B</subfield>
  </datafield>
  <datafield tag="999" ind1=" " ind2=" ">
    <subfield code="c">8501</subfield>
    <subfield code="d">8501</subfield>
  </datafield>
  <datafield tag="952" ind1=" " ind2=" ">
    <subfield code="0">0</subfield>
    <subfield code="1">0</subfield>
    <subfield code="4">0</subfield>
    <subfield code="7">0</subfield>
    <subfield code="a">BRCA</subfield>
    <subfield code="b">BRCA</subfield>
    <subfield code="d">2017-05-12</subfield>
    <subfield code="l">0</subfield>
    <subfield code="o">BE231 .C53 1788</subfield>
    <subfield code="p">CFM00176</subfield>
    <subfield code="r">2019-03-22 00:00:00</subfield>
    <subfield code="w">2019-03-22</subfield>
    <subfield code="y">B</subfield>
  </datafield>
</record>
